[Event "29ème Open International d'Echecs d'Avoi"]
[Site "Avoine"]
[Date "2014.07.19"]
[Round "1.48"]
[White "Devallee, Jeremie"]
[Black "Caloone, Thomas"]
[Result "1-0"]
[WhiteElo "2169"]
[BlackElo "1945"]
[PlyCount "75"]
[EventDate "2014.??.??"]

1. e4 e5 2. Nf3 Nc6 3. d4 exd4 4. Nxd4 Qh4 5. Nc3 Bb4 6. Ndb5 Ba5 7. Bd2 a6 8.
g3 Qe7 9. Na3 Nf6 10. Qe2 O-O 11. Bg2 b5 12. e5 Ne8 13. Nd5 Bxd2+ 14. Kxd2 Qc5
15. f4 Bb7 16. Qe3 Qxe3+ 17. Kxe3 Kh8 18. Nb4 Na5 19. Bxb7 Nxb7 20. Rhd1 c5 21.
Nd5 d6 22. c4 b4 23. Nb1 Na5 24. Nd2 dxe5 25. fxe5 f6 26. Nb6 Ra7 27. Ne4 Rb7
28. Nxc5 Rxb6 29. Nd7 Nxc4+ 30. Ke2 Rf7 31. Nxb6 Nxb6 32. Rd8 Re7 33. Kf2 Rxe5
34. Re1 Rxe1 35. Kxe1 Kg8 36. Rxe8+ Kf7 37. Rb8 Nd5 38. Ra8 1-0